000 00769nam a2200193Ia 4500
005 20260429112042.0
008 260429s9999||||xx |||||||||||||| ||und||
020 _a9789391798949
041 _aHindi
082 _a305.4
_bCHA
100 _aचतुवेर्दी, जगदीश्वर
245 0 _aस्त्री विश्वदृष्टि, हिंदी प्रेस और स्वाधीनता संग्राम /
_cजगदीश्वर चतुवेर्दी
250 _a1st ed.
260 _aदिल्ली :
_bएकैडमिक पब्लिकेशन,
_c2022.
300 _a534 p.; Hb
650 _aहिंदी साहित्य
700 _a सिंह, सुधा
942 _cTB
999 _c52100
_d52100